Normal view
MARC view
- Police
Entry Topical Term
001 - CONTROL NUMBER
- control field: 27362
003 - CONTROL NUMBER IDENTIFIER
- control field: NUST
005 - DATE AND TIME OF LATEST TRANSACTION
- control field: 20200106122011.0
008 - FIXED-LENGTH DATA ELEMENTS
- fixed length control field: 200106|| aca||aabn | a|a d
040 ## - CATALOGING SOURCE
- Original cataloging agency: NUST
- Transcribing agency: NUST
150 ## - HEADING--TOPICAL TERM
- Topical term or geographic name entry element: Police
670 ## - SOURCE DATA FOUND
- Source citation: Work cat.: (NUST): James, Peter, 1948- 27360, Dead tomorrow /, 2009.
